[Event "XXXVIII Festival A"]
[Site "Imperia ITA"]
[Date "1996.09.??"]
[Round "8"]
[White "Colombo, Paolo"]
[Black "Fusari, Paolo"]
[WhiteElo "2205"]
[BlackElo "1903"]
[Result "1-0"]
[PlyCount "71"]
[EventDate "1996.09.01"]

1. d4 Nf6 2. Nf3 c5 3. c3 b6 4. Bf4 g6 5. Nbd2 Bb7 6. e3 Bg7 7. Bd3 O-O 8. O-O
d6 9. Qe2 Nbd7 10. h3 Re8 11. e4 e5 12. dxe5 dxe5 13. Bg5 Qc7 14. Rad1 h6 15.
Bh4 Nh5 16. Bc2 Nf4 17. Qc4 Nf8 18. Rfe1 a6 19. b4 N8e6 20. bxc5 b5 21. Qf1
Qxc5 22. Nb3 Qb6 23. Rd7 Nh5 24. Kh2 g5 25. Bg3 Bc6 26. Rd2 f6 27. Red1 Bf8 28.
Qe1 a5 29. Nc1 b4 30. Bb3 bxc3 31. Rc2 Kg7 32. Qxc3 Bxe4 33. Rd7+ Kg6 34. Re2
Nxg3 35. fxg3 Bxf3 36. Qxf3 1-0

[Event "XXXVIII Festival A"]
[Site "Imperia ITA"]
[Date "1996.09.??"]
[Round "8"]
[White "Cugini, Verter"]
[Black "Minnebo, Alain"]
[WhiteElo "2255"]
[BlackElo "2214"]
[Result "1-0"]
[PlyCount "167"]
[EventDate "1996.09.01"]

1. e4 c5 2. g3 Nc6 3. Bg2 d6 4. Ne2 h5 5. d4 cxd4 6. Nxd4 g6 7. Nxc6 bxc6 8.
Qd4 e5 9. Qa4 Bd7 10. Qa6 Qc7 11. Nc3 Be7 12. Be3 Nh6 13. h3 Kf8 14. O-O-O Kg7
15. f4 f6 16. Rd2 Nf7 17. Rhd1 Rhb8 18. fxe5 fxe5 19. Rf2 Qb7 20. Qxb7 Rxb7 21.
Bf1 Be6 22. b3 Rd7 23. Rfd2 Rad8 24. Bg2 Bg5 25. Bxg5 Nxg5 26. h4 Nf7 27. Bf3
Nh6 28. Na4 Ng4 29. c4 Kf7 30. Bxg4 Bxg4 31. Rf1+ Kg7 32. Nc3 Rf8 33. Rxf8 Kxf8
34. Kc2 Be6 35. Nd1 Ke7 36. Ne3 Rd8 37. Rf2 Rg8 38. Kd3 g5 39. Rh2 c5 40. Ke2
a5 41. hxg5 Rxg5 42. Kf3 Bg4+ 43. Nxg4 hxg4+ 44. Ke3 Kd7 45. Rh8 Kc7 46. Ra8
Kb6 47. Kd2 Rg7 48. Kc1 Rf7 49. Rb8+ Kc7 50. Rg8 Rf2 51. Kb1 Kb6 52. Rxg4 a4
53. Rg8 axb3 54. axb3 Re2 55. Rg6 Rxe4 56. Rxd6+ Ka5 57. Kc2 Re2+ 58. Kc3 e4
59. Rc6 Re3+ 60. Kb2 Rxg3 61. Rxc5+ Kb6 62. Rb5+ Kc6 63. Kc2 Rg2+ 64. Kc3 e3
65. Kd3 e2 66. Kd2 Rh2 67. Ke1 Rg2 68. Re5 Rg3 69. b4 Rc3 70. Re6+ Kd7 71. Re4
Rc2 72. c5 Rb2 73. Rd4+ Kc7 74. Kf2 Kc8 75. Rc4 Kc7 76. c6 Kb8 77. c7+ Kc8 78.
Ke1 Ra2 79. b5 Ra8 80. Kxe2 Kb7 81. b6 Rc8 82. Rb4 Rh8 83. Kd3 Rh5 84. Rd4 1-0

[Event "XXXVIII Festival A"]
[Site "Imperia ITA"]
[Date "1996.09.??"]
[Round "8"]
[White "Dinser, Hans"]
[Black "Astengo, Marcello"]
[WhiteElo "2165"]
[BlackElo "2115"]
[Result "0-1"]
[PlyCount "100"]
[EventDate "1996.09.01"]

1. d4 d5 2. c4 c6 3. Nc3 Nf6 4. cxd5 cxd5 5. Nf3 Nc6 6. e3 Bf5 7. Qb3 Rb8 8.
Ne5 a6 9. Bd2 e6 10. Qa4 Qb6 11. b3 Bb4 12. Rc1 O-O 13. Nxc6 bxc6 14. a3 Bd6
15. b4 Ra8 16. Nd1 Rfc8 17. f4 Ne4 18. Nc3 Nxd2 19. Kxd2 Bxf4 20. exf4 Qxd4+
21. Ke1 e5 22. Ne2 Qe3 23. fxe5 d4 24. Qd1 d3 25. Qd2 Qxe5 26. Qf4 Qe6 27. Kf2
dxe2 28. Bxe2 Re8 29. Bf3 Qa2+ 30. Kg3 g6 31. h4 Qxa3 32. Rhe1 Rxe1 33. Rxe1
Rd8 34. Qc7 Qd3 35. Qxc6 Rd4 36. Qe8+ Kg7 37. Qe5+ Kh6 38. h5 Rg4+ 39. Kf2 Qd4+
40. Qe3+ Qxe3+ 41. Rxe3 Rxb4 42. hxg6 hxg6 43. Ra3 Bc8 44. Bd5 f5 45. Bf3 g5
46. Be2 Rb2 47. Kf1 Rb6 48. Bd3 g4 49. Rc3 Bb7 50. Bxf5 Rf6 0-1

[Event "XXXVIII Festival A"]
[Site "Imperia ITA"]
[Date "1996.09.??"]
[Round "8"]
[White "Everet, Alexandro"]
[Black "De Palma, Fabrizio"]
[WhiteElo "2130"]
[BlackElo "1866"]
[Result "1/2-1/2"]
[PlyCount "100"]
[EventDate "1996.09.01"]

1. e4 c5 2. Bc4 e6 3. Nf3 a6 4. c3 d5 5. Bd3 dxe4 6. Bxe4 Nf6 7. Qe2 Nxe4 8.
Qxe4 Be7 9. O-O Nd7 10. d4 cxd4 11. Nxd4 Nf6 12. Qf3 O-O 13. Be3 Qd5 14. Qe2 b5
15. Nd2 Bb7 16. N2f3 Rfd8 17. Rfd1 Qh5 18. h3 h6 19. Bf4 Nd5 20. Bg3 Bf6 21.
Rd2 Rac8 22. Rad1 Ne7 23. Be5 Bxe5 24. Qxe5 Qxe5 25. Nxe5 Bd5 26. Ne2 g5 27.
Ng4 Kg7 28. Ng3 f5 29. Ne3 Kg6 30. Ne2 f4 31. Nc2 Nc6 32. Nb4 Bc4 33. Nxc6 Rxd2
34. Ne5+ Kf5 35. Rxd2 Kxe5 36. Nc1 Bd5 37. f3 a5 38. Kf2 Kf6 39. a3 b4 40. axb4
axb4 41. Ne2 Rb8 42. g3 fxg3+ 43. Kxg3 Ke5 44. Rd3 bxc3 45. bxc3 Rb2 46. Re3+
Kf6 47. f4 Bc4 48. fxg5+ hxg5 49. Nd4 Bd5 50. Nf3 Rc2 1/2-1/2

[Event "XXXVIII Festival A"]
[Site "Imperia ITA"]
[Date "1996.09.??"]
[Round "8"]
[White "Faraci, Antonino"]
[Black "Bonugli, Carlo"]
[WhiteElo "2015"]
[BlackElo "2070"]
[Result "0-1"]
[PlyCount "79"]
[EventDate "1996.09.01"]

1. Nf3 Nf6 2. d3 g6 3. e4 Bg7 4. g3 O-O 5. Bg2 c6 6. O-O d6 7. Nbd2 Nbd7 8. Re1
e5 9. a4 Nc5 10. b4 Ne6 11. Bb2 b6 12. c3 Qe7 13. d4 Nd7 14. Nc4 Ba6 15. Ne3
Bb7 16. a5 exd4 17. cxd4 Nf6 18. a6 Bc8 19. d5 Nc7 20. dxc6 Bxa6 21. e5 dxe5
22. Bxe5 Rfd8 23. Qc1 Bb5 24. Qb2 Ne6 25. Nh4 Rac8 26. Nef5 gxf5 27. Nxf5 Qf8
28. Nxg7 Nxg7 29. Bxf6 Re8 30. Red1 Bxc6 31. Rd4 h5 32. Bh3 Rc7 33. Rc1 Ne6 34.
Rdc4 Qd6 35. Be5 Qd5 36. f3 Qxf3 37. Bg2 Qe3+ 38. Kh1 Bxg2+ 39. Kxg2 Rxc4 40.
Rxc4 0-1

[Event "XXXVIII Festival A"]
[Site "Imperia ITA"]
[Date "1996.09.??"]
[Round "8"]
[White "Garano, Nicola"]
[Black "Zlochevskij, Alexander"]
[WhiteElo "2125"]
[BlackElo "2415"]
[Result "0-1"]
[PlyCount "70"]
[EventDate "1996.09.01"]

1. e4 e6 2. d4 d5 3. Nd2 c5 4. Ngf3 Nf6 5. Bb5+ Bd7 6. Qe2 Bxb5 7. Qxb5+ Qd7 8.
Qxd7+ Nbxd7 9. exd5 Nxd5 10. a3 Be7 11. O-O Rc8 12. Ne4 cxd4 13. Nxd4 N7f6 14.
Ng5 O-O 15. c3 Rfd8 16. Re1 Nd7 17. Ngf3 h6 18. h3 Nc5 19. Ne5 Bf6 20. Kf1 Bxe5
21. Rxe5 Nd3 22. Re2 Nxc3 23. Rc2 Nd5 24. Ke2 Rxc2+ 25. Nxc2 Nxc1+ 26. Rxc1 Rc8
27. Kd2 Nf4 28. Rg1 Kf8 29. Ne3 Ke7 30. Re1 Rd8+ 31. Kc2 Nd3 32. Rd1 Nc5 33. b4
Na4 34. Kb3 b5 35. Kc2 Rc8+ 0-1

[Event "XXXVIII Festival A"]
[Site "Imperia ITA"]
[Date "1996.09.??"]
[Round "8"]
[White "Karl, Hans"]
[Black "Cech, Pavel"]
[WhiteElo "2255"]
[BlackElo "2325"]
[Result "1/2-1/2"]
[PlyCount "96"]
[EventDate "1996.09.01"]

1. d4 e6 2. c4 d5 3. Nf3 Nf6 4. Qc2 Be7 5. g3 dxc4 6. Qxc4 a6 7. Bg2 b5 8. Qc2
Bb7 9. O-O O-O 10. a4 Nc6 11. axb5 axb5 12. Rxa8 Qxa8 13. Rd1 Rd8 14. Be3 Nb4
15. Qxc7 Bd6 16. Qc1 Na2 17. Qc2 Rc8 18. Qd3 Nb4 19. Qa3 Qb8 20. Bf4 Bxf4 21.
Qxb4 Bd6 22. Qxb5 Bxf3 23. Qxb8 Rxb8 24. Bxf3 Rxb2 25. Nd2 Rc2 26. e4 Bb4 27.
Nf1 g6 28. Ne3 Rd2 29. Rxd2 Bxd2 30. Nc4 Bb4 31. Kf1 Kf8 32. Ke2 Ke7 33. Bg2 h5
34. h3 Bc3 35. Ke3 Ne8 36. e5 Nc7 37. Bc6 Bb4 38. f4 Be1 39. g4 hxg4 40. hxg4
Bb4 41. Ke4 Bc3 42. Bb7 Nb5 43. d5 exd5+ 44. Bxd5 f6 45. Bc6 Nc7 46. f5 gxf5+
47. Kxf5 fxe5 48. Nxe5 Kd8 1/2-1/2

[Event "XXXVIII Festival A"]
[Site "Imperia ITA"]
[Date "1996.09.??"]
[Round "8"]
[White "Kucera, Petr"]
[Black "Pax, Horst"]
[WhiteElo "2330"]
[BlackElo "2180"]
[Result "1/2-1/2"]
[PlyCount "27"]
[EventDate "1996.09.01"]

1. e4 c5 2. Nf3 e6 3. d4 cxd4 4. Nxd4 Nf6 5. Nc3 d6 6. Bc4 a6 7. Bb3 Be7 8. O-O
b5 9. Qf3 Qc7 10. Qg3 Nc6 11. Nxc6 Qxc6 12. Bg5 Bb7 13. Rfe1 O-O 14. a3 1/2-1/2

[Event "XXXVIII Festival A"]
[Site "Imperia ITA"]
[Date "1996.09.??"]
[Round "8"]
[White "Luciani, Carlo"]
[Black "Mambrini, Augusto"]
[WhiteElo "2290"]
[BlackElo "2200"]
[Result "1/2-1/2"]
[PlyCount "130"]
[EventDate "1996.09.01"]

1. e4 e6 2. d4 d5 3. Nd2 Nf6 4. e5 Nfd7 5. c3 c5 6. Bd3 Nc6 7. Ne2 cxd4 8. cxd4
Qb6 9. Nf3 f6 10. exf6 Nxf6 11. O-O Bd6 12. Nc3 a6 13. a3 O-O 14. Be3 Qc7 15.
Rc1 g6 16. h3 Qg7 17. Qd2 Nh5 18. Bh6 Bf4 19. Bxg7 Bxd2 20. Bxf8 Bxc1 21. Rxc1
Kxf8 22. Na4 Ke7 23. Nb6 Rb8 24. Bxa6 Bd7 25. Bb5 Nf6 26. b4 Be8 27. Bd3 Nd7
28. Nxd7 Kxd7 29. b5 Ne7 30. Ne5+ Kd6 31. g4 Ra8 32. Rc3 Nc8 33. f4 Nb6 34. Kf2
Ra5 35. Rb3 Ra8 36. g5 Rc8 37. h4 Nc4 38. h5 Nxe5 39. dxe5+ Ke7 40. h6 b6 41.
a4 Kd8 42. Ra3 Ra8 43. Ke3 Ra7 44. Kd4 Ke7 45. Kc3 Ra5 46. Kb4 Kd8 47. Bb1 Kd7
48. Rc3 Kd8 49. Bc2 Ra8 50. Bb3 Bd7 51. Rh3 Be8 52. Bd1 Bd7 53. f5 exf5 54. Rd3
Be6 55. Bb3 Ke7 56. Rc3 Ra7 57. Rc6 Rb7 58. a5 bxa5+ 59. Kxa5 Bd7 60. Rc5 Rxb5+
61. Rxb5 Bxb5 62. Kxb5 Ke6 63. Bd1 Kxe5 64. Bh5 Kf4 65. Bxg6 Kxg5 1/2-1/2

[Event "XXXVIII Festival A"]
[Site "Imperia ITA"]
[Date "1996.09.??"]
[Round "8"]
[White "Maes, Valeer"]
[Black "Wohl, Aleksandar H."]
[WhiteElo "2265"]
[BlackElo "2400"]
[Result "1/2-1/2"]
[PlyCount "57"]
[EventDate "1996.09.01"]

1. e4 Nc6 2. Nc3 e5 3. Bc4 Nf6 4. d3 Bb4 5. Nge2 d5 6. exd5 Nxd5 7. O-O Nb6 8.
Bb3 O-O 9. Ne4 Kh8 10. N2g3 f5 11. Ng5 Qe8 12. f4 h6 13. Nh3 e4 14. dxe4 fxe4
15. f5 e3 16. Qg4 Bc5 17. Kh1 Nd4 18. Nf4 Nxf5 19. Ng6+ Qxg6 20. Qxg6 Nxg3+ 21.
hxg3 Rxf1+ 22. Kh2 Bf5 23. Qh5 Rf2 24. Bxe3 Bxe3 25. Re1 Bxc2 26. Bxc2 Rxc2 27.
Rxe3 Rxb2 28. Re7 Rd2 29. Re8+ 1/2-1/2

[Event "XXXVIII Festival A"]
[Site "Imperia ITA"]
[Date "1996.09.??"]
[Round "8"]
[White "Micheli, Carlo"]
[Black "Garrido, Denis"]
[WhiteElo "2305"]
[BlackElo "2215"]
[Result "1/2-1/2"]
[PlyCount "126"]
[EventDate "1996.09.01"]

1. c4 c5 2. g3 Nc6 3. Bg2 g6 4. Nc3 Bg7 5. a3 a6 6. Rb1 Rb8 7. b4 cxb4 8. axb4
b5 9. cxb5 axb5 10. Nh3 Nh6 11. O-O O-O 12. d4 Nf5 13. e3 e6 14. Ne4 Nce7 15.
Nf4 Bb7 16. f3 Nd5 17. Nxd5 Bxd5 18. Qe1 d6 19. Nd2 Qb6 20. Nb3 Rfc8 21. g4 Ne7
22. Rf2 Ra8 23. Rfb2 f5 24. Kh1 Rc7 25. Qd1 Rac8 26. h3 Qb7 27. Nd2 Qa8 28. Nf1
Qa4 29. Qe1 fxg4 30. hxg4 e5 31. e4 Bc4 32. d5 Bd3 33. Bd2 Bxb1 34. Rxb1 Rc2
35. Ne3 Ra2 36. g5 Rc7 37. Bh3 Kh8 38. Bf1 Ng8 39. Be2 Qa3 40. Bxb5 Rb2 41.
Rxb2 Qxb2 42. Nc4 Qb3 43. Qe2 Bf8 44. Kg2 Qa2 45. f4 Bg7 46. Nxd6 exf4 47. Bxf4
Qb1 48. Qc4 Ra7 49. Ba6 h6 50. gxh6 Nxh6 51. b5 Qb2+ 52. Kf3 g5 53. Bxg5 Ra8
54. Nc8 Nf7 55. Bf4 Bh6 56. Qc7 Bxf4 57. Qxf7 Be5 58. Qh5+ Kg7 59. Qg5+ Kf7 60.
Qf5+ Kg7 61. Qg5+ Kf7 62. Qf5+ Bf6 63. Qf4 Qc3+ 1/2-1/2

[Event "XXXVIII Festival A"]
[Site "Imperia ITA"]
[Date "1996.09.??"]
[Round "8"]
[White "Mocchi, Tullio"]
[Black "Babula, Vlastimil"]
[WhiteElo "2161"]
[BlackElo "2545"]
[Result "1-0"]
[PlyCount "93"]
[EventDate "1996.09.01"]

1. e4 Nc6 2. Nf3 d5 3. exd5 Qxd5 4. Nc3 Qa5 5. d4 Bg4 6. Be2 Nf6 7. O-O Rd8 8.
Be3 e5 9. Qe1 Bb4 10. Nxe5 Nxe5 11. dxe5 Qxe5 12. Bxg4 Nxg4 13. Bxa7 O-O 14.
Qxe5 Nxe5 15. Be3 Nc4 16. Nd1 Nd2 17. Bxd2 Rxd2 18. Ne3 Bc5 19. Rac1 g6 20.
Rfd1 Rfd8 21. Rxd2 Rxd2 22. Nd1 Bf8 23. Kf1 Bh6 24. Ke1 Rxf2 25. Nxf2 Bxc1 26.
Nd3 Be3 27. Ke2 Bg1 28. h3 h5 29. Kf3 Kf8 30. a4 Ke7 31. c4 c6 32. a5 Kd6 33.
b4 f5 34. h4 Bd4 35. b5 cxb5 36. cxb5 Kd5 37. Nf4+ Kc4 38. a6 bxa6 39. bxa6 Kb5
40. Nxg6 Kxa6 41. Ne7 Bf6 42. Nxf5 Kb6 43. Kg3 Kc5 44. Kh3 Kd5 45. Ng3 Be5 46.
Nxh5 Ke4 47. Kg4 1-0

[Event "XXXVIII Festival A"]
[Site "Imperia ITA"]
[Date "1996.09.??"]
[Round "8"]
[White "Mollero, Michele"]
[Black "Blasco, Domenico"]
[WhiteElo "2030"]
[BlackElo "2220"]
[Result "1-0"]
[PlyCount "61"]
[EventDate "1996.09.01"]

1. e4 Nf6 2. Nc3 d5 3. exd5 Nxd5 4. Bc4 Nb6 5. Bb3 Nc6 6. Nf3 Bf5 7. O-O e6 8.
d4 Be7 9. h3 Na5 10. Ne2 Nxb3 11. axb3 O-O 12. Ng3 Bg6 13. Ne5 c5 14. Nxg6 hxg6
15. dxc5 Qxd1 16. Rxd1 Bxc5 17. Ne4 Be7 18. Be3 Nd5 19. Bxa7 f5 20. Ng3 Nb4 21.
Bb6 Nd5 22. Bd4 Rfd8 23. Be5 Bf6 24. Bxf6 gxf6 25. Ne2 Kf7 26. Rd3 Ke7 27. Rad1
g5 28. g3 Rd7 29. Nd4 Nb6 30. Re1 Rd6 31. Nxf5+ 1-0

[Event "XXXVIII Festival A"]
[Site "Imperia ITA"]
[Date "1996.09.??"]
[Round "8"]
[White "Mozny, Milos"]
[Black "Sarno, Spartaco"]
[WhiteElo "2420"]
[BlackElo "2410"]
[Result "1/2-1/2"]
[PlyCount "44"]
[EventDate "1996.09.01"]

1. d4 Nf6 2. c4 g6 3. g3 c6 4. Bg2 d5 5. cxd5 cxd5 6. Nf3 Bg7 7. O-O O-O 8. Nc3
Ne4 9. Nxe4 dxe4 10. Ng5 Qxd4 11. Qxd4 Bxd4 12. Nxe4 Nc6 13. e3 Bg7 14. Rb1 Bf5
15. b3 Rac8 16. Ba3 a5 17. Bc5 Rfe8 18. Bb6 a4 19. bxa4 Ra8 20. a5 Nxa5 21.
Bxa5 Rxa5 22. Rxb7 Rxa2 1/2-1/2

[Event "XXXVIII Festival A"]
[Site "Imperia ITA"]
[Date "1996.09.??"]
[Round "8"]
[White "Murgia, Andrea"]
[Black "Lacrosse, Marc"]
[WhiteElo "2175"]
[BlackElo "2250"]
[Result "0-1"]
[PlyCount "144"]
[EventDate "1996.09.01"]

1. e4 e5 2. Nf3 Nc6 3. Bb5 a6 4. Ba4 Nf6 5. Qe2 b5 6. Bb3 Bc5 7. c3 O-O 8. O-O
d5 9. d3 Re8 10. Bg5 d4 11. Bd5 Bb7 12. Nbd2 dxc3 13. bxc3 Qd6 14. Bb3 Bb6 15.
Nh4 Rad8 16. Bc2 Ne7 17. Ndf3 h6 18. Bd2 c5 19. Rad1 g5 20. Nxg5 hxg5 21. Bxg5
Bc8 22. h3 Nh7 23. f4 f6 24. Bh6 exf4 25. Bxf4 Qe6 26. Kh1 Kh8 27. Bb3 c4 28.
dxc4 Rxd1 29. Rxd1 bxc4 30. Rd6 cxb3 31. Rxe6 Bxe6 32. axb3 Bxb3 33. Qxa6 Bf2
34. g3 Bf7 35. Kg2 Bc5 36. Qb5 Rc8 37. Nf3 Be8 38. Qd3 Bc6 39. Nd4 Rd8 40. g4
Ng6 41. Bh6 Ng5 42. Bxg5 fxg5 43. Qa6 Bxe4+ 44. Kf1 Kh7 45. Qe6 Bd5 46. Qe3
Rf8+ 47. Ke1 Rf4 48. Kd2 Bxd4 49. cxd4 Kh6 50. Qa3 Rxd4+ 51. Kc1 Rf4 52. Qa5
Bg2 53. h4 Nxh4 54. Qb6+ Ng6 55. Qd6 Bf3 56. Qd2 Rc4+ 57. Kb2 Bxg4 58. Qh2+ Bh5
59. Kb3 Rf4 60. Kc3 g4 61. Kd3 Rf3+ 62. Ke4 g3 63. Qh3 Nf4 64. Qc8 Ng6 65. Qh3
Rf4+ 66. Ke3 Rg4 67. Qg2 Nh4 68. Qa8 Nf5+ 69. Kd2 g2 70. Qh8+ Kg5 71. Qd8+ Kf4
72. Qc7+ Kf3 0-1

[Event "XXXVIII Festival A"]
[Site "Imperia ITA"]
[Date "1996.09.??"]
[Round "8"]
[White "Nurkic, Sahbaz"]
[Black "Biolek, Richard sr"]
[WhiteElo "2405"]
[BlackElo "2395"]
[Result "1/2-1/2"]
[PlyCount "23"]
[EventDate "1996.09.01"]

1. e4 d5 2. exd5 Nf6 3. d4 Nxd5 4. c4 Nb6 5. Nc3 e5 6. d5 c6 7. a3 cxd5 8. cxd5
Bd6 9. Bd3 O-O 10. Nge2 Na6 11. O-O Nc7 12. Be3 1/2-1/2

[Event "XXXVIII Festival A"]
[Site "Imperia ITA"]
[Date "1996.09.??"]
[Round "8"]
[White "Patelli, Alessandro"]
[Black "Jurek, Josef"]
[WhiteElo "2240"]
[BlackElo "2380"]
[Result "0-1"]
[PlyCount "137"]
[EventDate "1996.09.01"]

1. Nf3 Nf6 2. d4 e6 3. c4 Bb4+ 4. Nbd2 O-O 5. g3 b6 6. Bg2 Bb7 7. O-O Be7 8. b3
c5 9. Bb2 d6 10. Re1 cxd4 11. Nxd4 Bxg2 12. Kxg2 Qc7 13. e4 Nbd7 14. f4 Rfe8
15. Qf3 Rad8 16. Nf1 a6 17. Re2 Bf8 18. Nc2 e5 19. f5 b5 20. g4 Nc5 21. g5 Nfd7
22. Nce3 bxc4 23. Nxc4 d5 24. exd5 Qb7 25. Bxe5 Nxe5 26. Nxe5 Rxd5 27. Rae1 Bd6
28. Ng4 Rxe2+ 29. Rxe2 Rxf5 30. Qxb7 Nxb7 31. Re8+ Bf8 32. h4 Ra5 33. a4 Nd6
34. Ra8 Nf5 35. Kh3 Rd5 36. Rxa6 Rd3+ 37. Kh2 Bd6+ 38. Kh1 Kf8 39. Nfe3 Nxh4
40. Nf2 Rxe3 41. Rxd6 Rxb3 42. a5 Ra3 43. Rd5 Ra2 44. Ng4 Nf3 45. Rc5 Ke7 46.
Rd5 Ke6 47. Rc5 Kd6 48. Rb5 g6 49. a6 Kc6 50. Rb7 Nxg5 51. Ne5+ Kd5 52. Nd3 Kc4
53. Nb4 Ra4 54. a7 Kc5 55. Nd3+ Kc6 56. Re7 h5 57. Nb4+ Kc5 58. Nd3+ Kb6 59.
Nb4 Kc5 60. Nd3+ Kd6 61. Rb7 Kc6 62. Re7 h4 63. Re5 Ra1+ 64. Kg2 h3+ 65. Kg3 h2
66. Rc5+ Kd6 67. Kxh2 Ne6 68. Rb5 Rxa7 69. Ne5 0-1

[Event "XXXVIII Festival A"]
[Site "Imperia ITA"]
[Date "1996.09.??"]
[Round "8"]
[White "Pujos, Stephane"]
[Black "Krouzel, Jaroslav"]
[WhiteElo "2033"]
[BlackElo "2240"]
[Result "1/2-1/2"]
[PlyCount "30"]
[EventDate "1996.09.01"]

1. d4 f5 2. g3 Nf6 3. Bg2 g6 4. c3 Bg7 5. Qb3 d5 6. Nf3 O-O 7. Bf4 c6 8. c4 Ne4
9. Nc3 e6 10. Be5 Bxe5 11. Nxe5 Nxc3 12. bxc3 Nd7 13. Nd3 Nb6 14. Ne5 Nd7 15.
Nd3 Nb6 1/2-1/2

[Event "XXXVIII Festival A"]
[Site "Imperia ITA"]
[Date "1996.09.??"]
[Round "8"]
[White "Reznicek, Tomas"]
[Black "Vujovic, Milorad"]
[WhiteElo "2265"]
[BlackElo "2310"]
[Result "1-0"]
[PlyCount "89"]
[EventDate "1996.09.01"]

1. e4 c5 2. Nf3 a6 3. Nc3 Nc6 4. d4 cxd4 5. Nxd4 e6 6. Be3 Bb4 7. Qd2 Nf6 8. f3
d5 9. a3 Bxc3 10. Qxc3 dxe4 11. O-O-O Qc7 12. Nxc6 Qxc6 13. Qxc6+ bxc6 14. fxe4
Nxe4 15. Bd3 Nf6 16. Bd4 O-O 17. Rhf1 Nd5 18. c4 Ne7 19. Bc5 Re8 20. Be4 f5 21.
Bxe7 Rxe7 22. Rd8+ Kf7 23. Bxc6 Rb8 24. Bf3 Rc7 25. Kb1 Rxc4 26. Be2 Rc6 27.
Rc1 Rcb6 28. Rc2 a5 29. Kc1 g5 30. Rdxc8 Rxc8 31. Rxc8 g4 32. Rc5 h5 33. Rxa5
h4 34. b4 Kf6 35. Rc5 Rb8 36. Rc6 Ke5 37. Bc4 Re8 38. Rxe6+ Rxe6 39. Bxe6 Kxe6
40. Kd2 f4 41. Ke2 Kd5 42. b5 Kc5 43. a4 Kb6 44. Kf1 Ka5 45. h3 1-0

[Event "XXXVIII Festival A"]
[Site "Imperia ITA"]
[Date "1996.09.??"]
[Round "8"]
[White "Sejkora, Vlastimil"]
[Black "Arlandi, Ennio"]
[WhiteElo "2235"]
[BlackElo "2445"]
[Result "0-1"]
[PlyCount "114"]
[EventDate "1996.09.01"]

1. Nf3 Nf6 2. g3 d5 3. Bg2 e6 4. d3 c5 5. O-O Nc6 6. Nbd2 Be7 7. c3 Qc7 8. e4
b6 9. Re1 Bb7 10. a4 O-O 11. e5 Nd7 12. Qe2 a6 13. Nf1 b5 14. h4 Nb6 15. axb5
axb5 16. Bf4 Rxa1 17. Rxa1 Ra8 18. Rxa8+ Bxa8 19. N1h2 Qa7 20. Ng5 Bxg5 21.
Bxg5 Qa1+ 22. Bf1 d4 23. c4 bxc4 24. dxc4 Qb1 25. h5 Qf5 26. Bf4 Nb4 27. b3 Nd7
28. Bg2 Bxg2 29. Kxg2 Nd3 30. Qd2 N3xe5 31. Qa5 h6 32. Qc7 Qe4+ 33. Kh3 d3 34.
Qd6 Qe2 35. Kg2 Kh7 36. Kg1 Nf6 37. Qxc5 Ne4 38. Qxe5 d2 39. Qxe4+ Qxe4 40.
Bxd2 Qb1+ 41. Nf1 Qxb3 42. Ne3 Qd3 43. Ba5 Qd4 44. Bb4 f5 45. Be7 Qd7 46. Bb4
e5 47. Bc3 f4 48. Nd5 fxg3 49. Bxe5 gxf2+ 50. Kxf2 Qf5+ 51. Bf4 Qc2+ 52. Kg3
Qxc4 53. Ne3 Qe2 54. Ng4 Qe1+ 55. Kh3 Qh1+ 56. Bh2 Qf3+ 57. Bg3 Qf5 0-1

[Event "XXXVIII Festival A"]
[Site "Imperia ITA"]
[Date "1996.09.??"]
[Round "8"]
[White "Stodola, Jaroslav"]
[Black "Travaglini, Alberto"]
[WhiteElo "2130"]
[BlackElo "2021"]
[Result "1-0"]
[PlyCount "79"]
[EventDate "1996.09.01"]

1. e4 c5 2. Nf3 d6 3. Bb5+ Nd7 4. d4 Ngf6 5. Nc3 Qa5 6. O-O cxd4 7. Qxd4 e5 8.
Qe3 Be7 9. Qe2 h6 10. Rd1 a6 11. Bc4 b5 12. Bb3 Bb7 13. Nh4 b4 14. Nd5 Bxd5 15.
Bxd5 Nxd5 16. Rxd5 Qc7 17. Nf5 Nf6 18. Rd3 Bf8 19. c3 g6 20. Ng3 bxc3 21. Rxc3
Qb7 22. Rb3 Qd7 23. Bd2 Be7 24. Rd1 h5 25. f4 Ng4 26. Rf3 Qa7+ 27. Kh1 exf4 28.
Bxf4 Ne5 29. Rb3 Kf8 30. Nf1 Ng4 31. Ne3 Nxe3 32. Bxe3 Qd7 33. Bd4 f6 34. e5
Kg7 35. Qf3 Raf8 36. Rb7 Qe8 37. exf6+ Kg8 38. Rxe7 Qxe7 39. fxe7 Rxf3 40.
e8=Q+ 1-0

[Event "XXXVIII Festival A"]
[Site "Imperia ITA"]
[Date "1996.09.??"]
[Round "8"]
[White "Tonon, Alessandro"]
[Black "Wagman, Stuart"]
[WhiteElo "2105"]
[BlackElo "2195"]
[Result "1/2-1/2"]
[PlyCount "42"]
[EventDate "1996.09.01"]

1. d4 d5 2. c4 c6 3. Nf3 Nf6 4. Nc3 dxc4 5. a4 Bg4 6. Ne5 Bh5 7. Nxc4 Na6 8.
Qb3 e6 9. Bg5 Nb4 10. Rd1 Be7 11. g3 Bg6 12. Rd2 Ne4 13. Nxe4 Bxe4 14. Bxe7
Qxe7 15. f3 Bd5 16. e4 Bxc4 17. Bxc4 O-O 18. O-O a5 19. Rfd1 Rad8 20. Kg2 h6
21. f4 Rd7 1/2-1/2

[Event "XXXVIII Festival A"]
[Site "Imperia ITA"]
[Date "1996.09.??"]
[Round "8"]
[White "Vasicek, Martin"]
[Black "Marinescu, Marian"]
[WhiteElo "2125"]
[BlackElo "2130"]
[Result "1/2-1/2"]
[PlyCount "79"]
[EventDate "1996.09.01"]

1. e4 c5 2. Nf3 d6 3. d4 cxd4 4. Nxd4 Nf6 5. Nc3 g6 6. Be3 Bg7 7. f3 Nc6 8. Qd2
O-O 9. Bc4 Bd7 10. h4 Ne5 11. Bb3 Qa5 12. O-O-O Rfc8 13. Kb1 b5 14. Bh6 Bxh6
15. Qxh6 Rxc3 16. bxc3 Qxc3 17. Ne2 Qc5 18. h5 Nc4 19. hxg6 fxg6 20. Nc3 Be6
21. Rhe1 Na3+ 22. Kb2 Bxb3 23. cxb3 b4 24. Ne2 Rc8 25. Qd2 Qe5+ 26. Qd4 Rc2+
27. Ka1 Qa5 28. Rd2 Nb5 29. Rxc2 Nxd4 30. Nxd4 Qe5 31. Rd1 Kf7 32. Kb1 a5 33.
Rc7 Qg3 34. Rc2 h5 35. Nc6 Nd7 36. Nxa5 Ne5 37. Nc4 h4 38. Nxe5+ Qxe5 39. Rd3
Qb5 40. Rc4 1/2-1/2

[Event "XXXVIII Festival A"]
[Site "Imperia ITA"]
[Date "1996.09.??"]
[Round "8"]
[White "Viaggi, Giovanni"]
[Black "Tortarolo, Massimiliano"]
[WhiteElo "2120"]
[BlackElo "2235"]
[Result "0-1"]
[PlyCount "70"]
[EventDate "1996.09.01"]

1. e4 c6 2. d4 d5 3. exd5 cxd5 4. Bd3 Nf6 5. c3 Nc6 6. Bg5 Bg4 7. Qb3 Qd7 8.
Nd2 e6 9. Ngf3 Bd6 10. O-O Qc7 11. Rfe1 O-O-O 12. Qa4 Bxf3 13. Nxf3 Kb8 14. h3
h6 15. Bd2 g5 16. c4 dxc4 17. Bxc4 Bf4 18. Bc3 Nd5 19. Bb5 Rc8 20. Bd2 Bxd2 21.
Nxd2 Nb6 22. Qd1 Nxd4 23. Bd3 Nd5 24. Rc1 Qxc1 25. Qxc1 Rxc1 26. Rxc1 Nf4 27.
Rc4 Rd8 28. Bc2 Nde2+ 29. Kf1 Rxd2 30. g3 Nxh3 31. Ke1 Rd4 32. Rc5 Nc1 33. Rc3
Nxa2 34. Rf3 Nb4 35. Bb3 Rd3 0-1

[Event "XXXVIII Festival A"]
[Site "Imperia ITA"]
[Date "1996.09.??"]
[Round "8"]
[White "Vismara, Daniele"]
[Black "Lips, Frantisek"]
[WhiteElo "2155"]
[BlackElo "2048"]
[Result "0-1"]
[PlyCount "40"]
[EventDate "1996.09.01"]

1. e4 e6 2. d4 d5 3. e5 c5 4. c3 Nc6 5. Nf3 Qb6 6. a3 cxd4 7. cxd4 Nge7 8. Nc3
Nf5 9. Na4 Qc7 10. g4 Nfe7 11. b4 Bd7 12. Bb2 Ng6 13. Rc1 Qd8 14. Nc5 Bxc5 15.
dxc5 Nh4 16. Nxh4 Qxh4 17. Be2 Qg5 18. O-O Qf4 19. Bf3 Nxe5 20. Bxd5 Nxg4 0-1

[Event "XXXVIII Festival A"]
[Site "Imperia ITA"]
[Date "1996.09.??"]
[Round "9"]
[White "Arlandi, Ennio"]
[Black "Mozny, Milos"]
[WhiteElo "2445"]
[BlackElo "2420"]
[Result "1-0"]
[PlyCount "87"]
[EventDate "1996.09.01"]

1. d4 d5 2. c4 e5 3. dxe5 d4 4. Nf3 Nc6 5. g3 Nge7 6. Bg2 Ng6 7. Bg5 f6 8. exf6
gxf6 9. Bd2 Be6 10. Qa4 Qd7 11. O-O Bh3 12. e3 h5 13. exd4 Bxg2 14. Kxg2 h4 15.
Qc2 Qg4 16. Re1+ Kf7 17. Qe4 Qd7 18. Qd5+ Qxd5 19. cxd5 Nb4 20. Bxb4 Bxb4 21.
Nc3 h3+ 22. Kf1 Ne7 23. a3 Ba5 24. b4 Bb6 25. a4 a5 26. d6 Nf5 27. dxc7 Bxc7
28. Nd5 Bd6 29. bxa5 Rxa5 30. Nb6 Bc7 31. Nc4 Ra7 32. Rec1 Rha8 33. Rab1 b6 34.
Rb5 Nh6 35. Nb2 Bd6 36. Rc6 Ba3 37. Rbxb6 Ng4 38. Nd3 Rxa4 39. Nf4 Be7 40. Nxh3
Ra1+ 41. Kg2 R8a2 42. Re6 Rd1 43. Re4 f5 44. Nfg5+ 1-0